Κατάλογος Βιβλιοθηκών Mediterranean College

Πιθανή Επίδραση, Ευκαιρίες και Κίνδυνοι της Υιοθέτησης και Ανάπτυξης του Internet of Things στις Εταιρείες Πληροφορικής στην Ελλάδα (Record no. 8611)

MARC details
000 -LEADER
fixed length control field 01936cam a22001934a 4500
005 - ΗΜΕΡΟΜΗΝΙΑ ΚΑΙ ΩΡΑ ΤΕΛΕΥΤΑΙΑΣ ΕΝΗΜΕΡΩΣΗΣ
Πεδίο ελέγχου 20250605164341.0
008 - FIXED-LENGTH DATA ELEMENTS--GENERAL INFORMATION
Πεδίο ελέγχου σταθερού μήκους 250528s ||||||||||||||||||||||||d
035 ## - SYSTEM CONTROL NUMBER
System control number 23611
040 ## - ΠΗΓΗ ΚΑΤΑΛΟΓΟΓΡΑΦΗΣΗΣ
Φορέας πρωτότυπης καταλογογράφησης MC Athens Campus Library
Γλώσσα καταλογογράφησης Ελληνικά, Μοντέρνα (1453-)
Modifying agency MC Athens Campus Library
Κανόνες περιγραφικής καταλογογράφησης AACR2
245 1# - ΤΙΤΛΟΣ ΚΑΙ ΔΗΛΩΣΗ ΥΠΕΥΘΥΝΟΤΗΤΑΣ
Τίτλος Πιθανή Επίδραση, Ευκαιρίες και Κίνδυνοι της Υιοθέτησης και Ανάπτυξης του Internet of Things στις Εταιρείες Πληροφορικής στην Ελλάδα
260 ## - PUBLICATION, DISTRIBUTION, ETC.
Date of publication, distribution, etc. 2016
300 ## - PHYSICAL DESCRIPTION
Extent 118
520 ## - SUMMARY, ETC.
Summary, etc. Εισαγωγή, Βιβλιογραφική Ανασκόπηση, Τα Trends και οι Τεχνολογίες που Αλλάζουν τον Κόσμο και Επηρεάζουν την Παγκόσμια Οικονομία, Το Internet of Things (IoT) και το συμβαίνει Παγκοσμίως και Ειδικότερα στην Ευρώπη, Τεχνολογικές Αλλαγές που Ευνοούν την Ανάπτυξη του IoT, Internet of Things και ο Οικονομικός Αντίκτυπος στην Βιομηχανία, Internet of Things και Προκλήσεις που πρέπει να Αντιμετωπιστούν, Παραδείγματα και Εφαρμογές IoT, Ασφάλεια και Ιδιωτικότητα και Εμπιστοσύνη, Οφέλη και Πιθανοί Κίνδυνοι, Internet of Things στην Ελλάδα, Σχεδιασμός Έρευνας και Μεθοδολογίας, Ευρήματα και Αποτελέσματα και Εφαρμογή και Ανάλυση Αποτελεσμάτων, Συμπεράσματα και Προτάσεις, Προσωπικός Αναστοχασμός, Αναφορές, Παραρτήματα.
700 1# - ΠΡΟΣΘΕΤΗ ΑΝΑΓΡΑΦΗ--ΦΥΣΙΚΟ ΠΡΟΣΩΠΟ
Personal name Διακοδημήτρης Γεώργιος
9 (RLIN) 9200
700 1# - ΠΡΟΣΘΕΤΗ ΑΝΑΓΡΑΦΗ--ΦΥΣΙΚΟ ΠΡΟΣΩΠΟ
Personal name Λουκοπούλου Αποστολία
9 (RLIN) 9195
942 ## - ADDED ENTRY ELEMENTS (KOHA)
Koha item type Διπλωματική εργασία
Holdings
Τύπος τεκμηρίου Βιβλιοθήκη Τρέχουσα τοποθεσία Barcode Ημερομηνία απόκτησης Ταξιθετικό σύμβολο Αριθμός αντιτύπου Κατάσταση απόσυρσης Κατάσταση χαμένου Κατάσταση κατεστραμμένου Μη δανεισμός Σύνολο δανεισμών Ημερομηνία τελευταίας εμφάνισης Η τιμή ισχύει από
Διπλωματική εργασία MC Athens Campus Library MC Athens Campus Library 9780000086105 05/06/2025 BUS 2016 (10) 1           05/06/2025 05/06/2025

MC Athens Campus Library
Πατησίων 94 & Κοδριγκτώνος 13, 104 34
Πελλήνης 8 & Πατησίων 107, 112 51
Τ: +30 210 8899600

MC Thessaloniki Campus Library
Ίωνος Δραγούμη 21, 54625 | Ίωνος Δραγούμη 15, 54625
Τ: +30 2310 287779 – Τ: +30 2314 440300